00789nam a2200181Ia 4500008004100000020001800041050002100059100003100080245010400111260003500215300001800250336001000268337001400278338001200292505024300304650003200547700002800579120626t19882012mx 000 0 spa d a978968853261404aBF724 bA23 1988 aAberastury, Armindaeautor13aLa Adolescencia normal b : Un enfoque psicoanálítico c / Arminda Aberastury, Mauricio Knobel aMéxico b : Paidósc, 1988 a163 páginas atexto asin medio avolumen aLa adolescente y la libertad El sindrome de la adolescencia normal Adolescencia y psicopatia Adolescencia y psicopatia con especial referencia El pensamiento en la adolescente y el adolescente psicopatico El adolscente y el mundo actual 10aADOLESCENCIA Y PSICOPATÍA aKnobel, Mauricioeautor